Cancionero de Ricardo Palmerín (Registro nro. 17648)

Detalles MARC
000 - LÍDER
campo de control de longitud fija 01014nam a2200277 i 4500
005 - FECHA Y HORA DE LA ÚLTIMA TRANSACCIÓN
campo de control 20250228202537.0
008 - ELEMENTOS DE DATOS DE LONGITUD FIJA - INFORMACIÓN GENERAL
campo de control de longitud fija 250228t1994 mx o gr 001 0 spa d
040 ## - FUENTE DE CATALOGACIÓN
Agencia de catalogación original CO-PeBPR
Agencia de transcripción CO-PeBPR
Descripción convenciones rda
041 ## - CÓDIGO DE LENGUAJE
Código de idioma de texto / pista de sonido o título separado spa
082 04 - NÚMERO DE CLASIFICACIÓN DECIMAL DEWEY
Número de clasificación 784.498
Número de artículo D542c
100 1# - ENTRADA PRINCIPAL - NOMBRE PERSONAL
9 (RLIN) 54620
Nombre de la persona Díaz-Bolio, José
Término del Relator autor
245 10 - TÍTULO DECLARACIÓN
Título Cancionero de Ricardo Palmerín
Declaración de responsabilidad José Díaz-Bolio
264 #1 - AVISO DE PRODUCCIÓN, PUBLICACIÓN, DISTRIBUCIÓN, FABRICACIÓN Y DERECHOS DE AUTOR
Lugar de producción Mérida (Yucatán, México)
Nombre del productor J. Díaz-Bolio
Fecha de producción 1994
300 ## - DESCRIPCIÓN FÍSICA
Alcance 40 páginas
Otros datos físicos fotografía
Dimensiones 16 cm
336 ## - TIPO DE CONTENIDO
Tipo de contenido Texto
Código de tipo de contenido txt
Fuente rdacontent
337 ## - TIPO DE MEDIO
Término del tipo de medio Sin mediación
Código de tipo de medio n
Fuente rdamedia
338 ## - TIPO DE PORTADOR
Término del tipo de operador Volumen
Código de tipo de operador nc
Fuente rdacarrier
500 ## - NOTA GENERAL
Nota general Contiene índice
650 #0 - ENTRADA DE SUJETO AÑADIDO - TÉRMINO TÓPICO
9 (RLIN) 54621
Término tópico o elemento de entrada del nombre geográfico Canciones Folclóricas Mexicanas
650 #0 - ENTRADA DE SUJETO AÑADIDO - TÉRMINO TÓPICO
9 (RLIN) 50442
Término tópico o elemento de entrada del nombre geográfico Música Popular
Subdivisión geográfica México
650 #0 - ENTRADA DE SUJETO AÑADIDO - TÉRMINO TÓPICO
9 (RLIN) 54622
Término tópico o elemento de entrada del nombre geográfico Canciones Folclóricas Yucatecos
650 #0 - ENTRADA DE SUJETO AÑADIDO - TÉRMINO TÓPICO
9 (RLIN) 54623
Término tópico o elemento de entrada del nombre geográfico Compositores de Música Mexicana
650 #0 - ENTRADA DE SUJETO AÑADIDO - TÉRMINO TÓPICO
9 (RLIN) 54624
Término tópico o elemento de entrada del nombre geográfico Compositores Yucatecos
830 ## - ENTRADA AGREGADA EN SERIE - TÍTULO UNIFORME
Título uniforme Colección Musical - Eduardo González
942 ## - ELEMENTOS DE ENTRADA AGREGADOS (KOHA)
Fuente de clasificación o esquema de estanterías Dewey Decimal Classification
Tipo de artículo Koha Libro
Parte de clasificación 784.498 D542c
Prefijo del número de llamada 784.498
Sufijo del número de llamada D542c
Existencias
Estado de retirada Pérdida de estatus Fuente de clasificación o esquema de estanterías Estado dañado No para préstamo Código de recogida Ubicación permanente Ubicación actual Ubicación de las estanterías Fecha de adquisición Fuente de adquisición Total de Cajas Número de llamada completo Código de barras Fecha de la última vez que se vio Número de copia Precio efectivo desde Tipo de artículo Koha
    Dewey Decimal Classification     Fondo Musical Biblioteca Pública Departamental Comfamiliar Risaralda Biblioteca Pública Departamental Comfamiliar Risaralda Fondo Musical 28/02/2025 Donación Colección Musical - Eduardo González   784.498 D542c 1005553 28/02/2025 Ej. 1 28/02/2025 Libro